<?xml version="1.0" encoding="UTF-8"?>
<record
    xmlns:xsi="http://www.w3.org/2001/XMLSchema-instance"
    xsi:schemaLocation="http://www.loc.gov/MARC21/slim http://www.loc.gov/standards/marcxml/schema/MARC21slim.xsd"
    xmlns="http://www.loc.gov/MARC21/slim">

  <leader>01248nam a22001817a 4500</leader>
  <controlfield tag="008">121120t        xxu||||| |||| 00| 0 eng d</controlfield>
  <datafield tag="020" ind1=" " ind2=" ">
    <subfield code="a">076680772x</subfield>
  </datafield>
  <datafield tag="050" ind1=" " ind2=" ">
    <subfield code="a">KF320.LA H85</subfield>
  </datafield>
  <datafield tag="100" ind1=" " ind2=" ">
    <subfield code="a">Brittain, Vicki</subfield>
  </datafield>
  <datafield tag="245" ind1=" " ind2=" ">
    <subfield code="a">Paralegal handbook. /</subfield>
    <subfield code="c">Vicki Brittain</subfield>
  </datafield>
  <datafield tag="260" ind1=" " ind2=" ">
    <subfield code="a">Australia:</subfield>
    <subfield code="b">Thomson,</subfield>
    <subfield code="c">2003.</subfield>
  </datafield>
  <datafield tag="300" ind1=" " ind2=" ">
    <subfield code="a">xiv, 434 p.:</subfield>
    <subfield code="b">ill.;</subfield>
    <subfield code="c">25cm.</subfield>
  </datafield>
  <datafield tag="500" ind1=" " ind2=" ">
    <subfield code="a">Includes index.</subfield>
  </datafield>
  <datafield tag="505" ind1=" " ind2=" ">
    <subfield code="a">Contents: The Paralegal profession: What is a paralegal? -- Paralegal associations and organizations -- Ethics and professional responsibility: Rules, guidelines and codes -- The Unauthorized practice of law -- The Authorized practice of law-reforms and exceptions -- Conflicts of interest, confidentiality and risk management -- Issues facing the profession: The Regulation issue -- The Exempt employee issue -- The Recovery of legal assistant fees issue -- The Non-lawyer/non-legal assistant issue -- Legal working environments and survival skills: Legal working environments -- Legal assistant survival skills -- Legal assistant career opportunities: Exploring career opportunities -- Securing legal assistant career opportunities.</subfield>
  </datafield>
  <datafield tag="650" ind1=" " ind2=" ">
    <subfield code="a">Legal assistants </subfield>
    <subfield code="b">Handbooks, manuals, etc.</subfield>
    <subfield code="x"> United States</subfield>
  </datafield>
  <datafield tag="700" ind1=" " ind2=" ">
    <subfield code="a">Hull, Terry.</subfield>
  </datafield>
  <datafield tag="942" ind1=" " ind2=" ">
    <subfield code="2">lcc</subfield>
    <subfield code="c">BK</subfield>
  </datafield>
  <datafield tag="999" ind1=" " ind2=" ">
    <subfield code="c">2552</subfield>
    <subfield code="d">10052</subfield>
  </datafield>
  <datafield tag="952" ind1=" " ind2=" ">
    <subfield code="0">0</subfield>
    <subfield code="1">0</subfield>
    <subfield code="2">lcc</subfield>
    <subfield code="4">0</subfield>
    <subfield code="7">0</subfield>
    <subfield code="a">WIUC-1</subfield>
    <subfield code="b">WIUC-1</subfield>
    <subfield code="c">REF</subfield>
    <subfield code="d">2012-11-20</subfield>
    <subfield code="l">0</subfield>
    <subfield code="o">KF320.LA H85</subfield>
    <subfield code="p">6801/12</subfield>
    <subfield code="r">2012-11-20 00:00:00</subfield>
    <subfield code="t">1</subfield>
    <subfield code="w">2012-11-20</subfield>
    <subfield code="y">BK</subfield>
  </datafield>
  <datafield tag="952" ind1=" " ind2=" ">
    <subfield code="0">0</subfield>
    <subfield code="1">0</subfield>
    <subfield code="2">lcc</subfield>
    <subfield code="4">0</subfield>
    <subfield code="7">0</subfield>
    <subfield code="a">WIUC-1</subfield>
    <subfield code="b">WIUC-1</subfield>
    <subfield code="c">REF</subfield>
    <subfield code="d">2012-11-20</subfield>
    <subfield code="l">0</subfield>
    <subfield code="o">KF320.LA H851</subfield>
    <subfield code="p">6802/12</subfield>
    <subfield code="r">2012-11-20 00:00:00</subfield>
    <subfield code="t">2</subfield>
    <subfield code="w">2012-11-20</subfield>
    <subfield code="y">BK</subfield>
  </datafield>
</record>
